LEADER 01067nam a2200241 i 4500 001 991003575029707536 008 181122s1993 it 000 0 ita d 035 $ab14354019-39ule_inst 040 $aDip. di Studi Umanistici$bita 082 0 $a511.30924 245 10$aPeano e i fondamenti della matematica :$batti del Convegno, Modena, 22-24 ottobre 1991 /$cAccademia nazionale di scienze, lettere e arti di Modena 264 1$aModena :$bMucchi,$cstampa 1993 300 $aVIII, 301 p. ;$c25 cm 490 0 $aCollana di studi ;$v7 500 $aNote generali: 600 14$aPeano, Giuseppe$vCongressi$y1991 710 2 $aAccademia nazionale di scienze, lettere e arti di Modena$eauthor$4http://id.loc.gov/vocabulary/relators/aut$078459 907 $a.b14354019$b23-11-18$c22-11-18 912 $a991003575029707536 945 $aLE005 511 PEA 01.01$g1$i2005000361876$lle005$og$pE15.00$q-$rl$s- $t0$u0$v0$w0$x0$y.i15868771$z23-11-18 996 $aPeano e i fondamenti della matematica$91749301 997 $aUNISALENTO 998 $ale005$b22-11-18$cm$da $e-$fita$git $h0$i0 LEADER 01041nam0 22002771i 450 001 UON00302625 005 20231205104014.394 010 $a34-461-1469-6 100 $a20071022d1971 |0itac50 ba 101 $ager 102 $aDE 105 $a|||| 1|||| 200 1 $aˆDer ‰frühe Fontane$ePolitik, Poesi, Geschichte, 1840 bis 1860$fHelmuth Nürnberger 210 $aMünchen$cHanser$dc1971 215 $a442 p.$d22 cm. 606 $aFONTANE THEODOR$3UONC041053$2FI 620 $aDE$dMünchen$3UONL003025 676 $a830.09$cLetteratura tedesca. Storia, descrizione, studi critici$v21 700 1$aNÜRNBERGER$bHelmuth$3UONV114202$0403240 712 $aHanser$3UONV265999$4650 801 $aIT$bSOL$c20240220$gRICA 899 $aSIBA - SISTEMA BIBLIOTECARIO DI ATENEO$2UONSI 912 $aUON00302625 950 $aSIBA - SISTEMA BIBLIOTECARIO DI ATENEO$dSI TED 23 II FON NUR 01 $eSI ST 6487 7 01 996 $aFrühe Fontane$91379301 997 $aUNIOR